[Event "AUT-chT2M 2223"]
[Site "Austria"]
[Date "2023.03.04"]
[Round "8.1"]
[White "Wegerer, Fred"]
[Black "Kastner, Walter"]
[Result "1/2-1/2"]
[WhiteElo "2098"]
[BlackElo "2181"]
[PlyCount "79"]
[EventDate "2022.09.30"]
[EventType "team-tourn"]
[EventRounds "11"]
[EventCountry "AUT"]
[SourceTitle "CBM 213 Extra"]
[Source "ChessBase"]
[SourceDate "2023.05.31"]
[SourceVersion "1"]
[SourceVersionDate "2023.05.31"]
[SourceQuality "1"]
[WhiteTeam "Gleisdorf"]
[BlackTeam "Graz Schachfreunde"]
[WhiteTeamCountry "AUT"]
[BlackTeamCountry "AUT"]

1. c4 d6 2. Nc3 e5 3. g3 f5 4. d4 Be7 5. dxe5 dxe5 6. Qxd8+ Bxd8 7. b3 c6 8. Bb2 Bf6 9. e4 g6 10. h4 Nd7 11. 0-0-0 Nh6 12. f3 a5 13. Nh3 Nf7 14. Na4 fxe4 15. fxe4 Be7 16. Nf2 0-0 17. Rh2 Rb8 18. Nc3 Nc5 19. Nd3 Bg4 20. Be2 Be6 21. Kc2 Rbd8 22. Nxc5 Bxc5 23. Na4 Be3 24. Ba3 Rxd1 25. Bxd1 Rd8 26. Be7 Rd7 27. Bc5 Bd4 28. Bf3 Kg7 29. Bb6 Bxb6 30. Nxb6 Rd4 31. Rd2 Kf6 32. Na4 h6 33. Kc3 Rxd2 34. Kxd2 b5 35. cxb5 cxb5 36. Nc5 Nd6 37. Ke3 a4 38. bxa4 bxa4 39. Nxa4 Bxa2 40. Be2 1/2-1/2

[Event "Steyr Landesliga 2122"]
[Site "Austria"]
[Date "2021.10.16"]
[Round "1.4"]
[White "Bratko, Alexander"]
[Black "Kastner, Walter"]
[Result "1/2-1/2"]
[WhiteElo "1941"]
[BlackElo "2187"]
[PlyCount "63"]
[EventDate "2021.10.16"]
[EventType "team-tourn"]
[EventRounds "11"]
[EventCountry "AUT"]
[SourceTitle "EXT 2023"]
[Source "ChessBase"]
[SourceDate "2022.10.05"]
[SourceVersion "1"]
[SourceVersionDate "2022.10.05"]
[SourceQuality "1"]
[WhiteTeam "Baernbach"]
[BlackTeam "Graz Schachfreunde"]
[WhiteTeamCountry "AUT"]
[BlackTeamCountry "AUT"]

1. d4 d6 2. Nf3 Bg4 3. Bf4 e6 4. h3 Bh5 5. e4 Nf6 6. Bd3 Be7 7. Nbd2 c6 8. c4 0-0 9. 0-0 d5 10. exd5 exd5 11. Qb3 Qb6 12. Rfe1 Qxb3 13. Nxb3 Bb4 14. Bd2 Bxd2 15. Nbxd2 dxc4 16. Bxc4 Bxf3 17. Nxf3 Nbd7 18. Re7 Nb6 19. Ne5 Nxc4 20. Nxc4 Rab8 21. Na5 Rfd8 22. Rxb7 Rxb7 23. Nxb7 Rxd4 24. Rc1 Rb4 25. Rxc6 h5 26. Nd6 Rxb2 27. a4 Rb1+ 28. Kh2 Rb6 29. Rxb6 axb6 30. Kg3 Kf8 31. Kf3 Nd5 32. Nb7 1/2-1/2

[Event "Steyr Landesliga 1920"]
[Site "Austria"]
[Date "2020.02.08"]
[Round "8.3"]
[White "Kastner, Walter"]
[Black "Manhardt, Thomas"]
[Result "1/2-1/2"]
[WhiteElo "2214"]
[BlackElo "2286"]
[PlyCount "108"]
[EventDate "2019.09.28"]
[EventType "team-tourn"]
[EventRounds "11"]
[EventCountry "AUT"]
[SourceTitle "CBM 195 Extra"]
[Source "ChessBase"]
[SourceDate "2020.05.31"]
[SourceVersion "1"]
[SourceVersionDate "2020.05.31"]
[SourceQuality "1"]
[WhiteTeam "Graz Schachfreunde"]
[BlackTeam "Graz Styria"]
[WhiteTeamCountry "AUT"]
[BlackTeamCountry "AUT"]

1. d4 f5 2. Nf3 Nf6 3. c4 g6 4. Nc3 Bg7 5. Bf4 d6 6. e3 0-0 7. c5 c6 8. Qb3+ d5 9. Be2 h6 10. h4 Nbd7 11. Ne5 Nxe5 12. Bxe5 Ne4 13. Bf4 e5 14. Nxe4 exf4 15. Nd6 fxe3 16. Qxe3 Qf6 17. 0-0-0 Bd7 18. Bf3 b6 19. Qa3 Rfb8 20. g3 bxc5 21. Qxc5 Bf8 22. Bxd5+ cxd5 23. Qxd5+ Kg7 24. Ne4 Qc6+ 25. Qxc6 Bxc6 26. d5 Ba4 27. Rd4 Rb4 28. Rxb4 Bxb4 29. Nc3 Rc8 30. Re1 Bxc3 31. bxc3 Rxc3+ 32. Kb2 Rc7 33. Ka3 Bb5 34. Kb4 Bd3 35. d6 Rc4+ 36. Kb3 Rd4 37. Kc3 Rxd6 38. Rd1 Ra6 39. Kxd3 Rxa2 40. Ke3 Ra6 41. Rd7+ Kf6 42. Rh7 Ra3+ 43. Ke2 h5 44. Rc7 f4 45. Rc6+ Kg7 46. Rc7+ Kh6 47. gxf4 a5 48. Ra7 a4 49. Kf1 Rh3 50. Rxa4 Rxh4 51. Kg2 Rg4+ 52. Kh2 Rh4+ 53. Kg2 Rg4+ 54. Kh2 Rh4+ 1/2-1/2

[Event "Steyr Landesliga 1920"]
[Site "Austria"]
[Date "2020.01.25"]
[Round "7.3"]
[White "Aschenbrenner, Robert"]
[Black "Kastner, Walter"]
[Result "1-0"]
[WhiteElo "2200"]
[BlackElo "2214"]
[PlyCount "67"]
[EventDate "2019.09.28"]
[EventType "team-tourn"]
[EventRounds "11"]
[EventCountry "AUT"]
[SourceTitle "CBM 195 Extra"]
[Source "ChessBase"]
[SourceDate "2020.05.31"]
[SourceVersion "1"]
[SourceVersionDate "2020.05.31"]
[SourceQuality "1"]
[WhiteTeam "Graz Austria"]
[BlackTeam "Graz Schachfreunde"]
[WhiteTeamCountry "AUT"]
[BlackTeamCountry "AUT"]

1. d4 d5 2. Nf3 Nf6 3. e3 Bf5 4. c4 e6 5. Qb3 Nc6 6. c5 Qc8 7. Bb5 Nd7 8. Bxc6 bxc6 9. 0-0 Be7 10. Re1 Bxb1 11. Rxb1 f5 12. Bd2 a5 13. Qa4 Ra6 14. Bxa5 0-0 15. b4 Qa8 16. Qc2 Ra7 17. Nd2 e5 18. f4 e4 19. Nb3 Kh8 20. a4 Nf6 21. Qd2 Qe8 22. Qe2 Qg6 23. b5 Ng4 24. b6 cxb6 25. cxb6 Rd7 26. Red1 Qh6 27. h3 Bh4 28. Be1 g5 29. Nc5 Rg7 30. b7 Rgg8 31. Bxh4 gxf4 32. Be7 Nxe3 33. Bxf8 Qg5 34. b8Q 1-0

[Event "AUT-chT2M 1920"]
[Site "Austria"]
[Date "2020.01.10"]
[Round "7.5"]
[White "Kastner, Walter"]
[Black "Manhardt, Thomas"]
[Result "1-0"]
[WhiteElo "2206"]
[BlackElo "2289"]
[PlyCount "53"]
[EventDate "2019.10.11"]
[EventType "team-tourn"]
[EventRounds "11"]
[EventCountry "AUT"]
[SourceTitle "CBM 194 Extra"]
[Source "ChessBase"]
[SourceDate "2020.03.31"]
[SourceVersion "1"]
[SourceVersionDate "2020.03.31"]
[SourceQuality "1"]
[WhiteTeam "Graz Schachfreunde"]
[BlackTeam "Gleisdorf"]
[WhiteTeamCountry "AUT"]
[BlackTeamCountry "AUT"]

1. d4 f5 2. Bg5 g6 3. h4 Bg7 4. Nc3 Nh6 5. e3 Nf7 6. Nf3 c6 7. Qd2 d5 8. Bf4 h6 9. Be2 Nd7 10. 0-0-0 b5 11. Bxb5 cxb5 12. Nxd5 Nd6 13. Ne5 Bb7 14. Nxg6 Bxd5 15. e4 Nxe4 16. Qb4 Rg8 17. Bc7 a5 18. Qxb5 Qxc7 19. Qxd5 Ndf6 20. Qxa8+ Kf7 21. Ne5+ Qxe5 22. Qxg8+ Nxg8 23. dxe5 Nxf2 24. Rhf1 Nxd1 25. Rxd1 a4 26. Rd5 Ke6 27. Rd8 1-0

[Event "AUT-chT2M 1819"]
[Site "Austria"]
[Date "2019.01.18"]
[Round "6.4"]
[White "Kastner, Walter"]
[Black "Traunwieser, Georg"]
[Result "1-0"]
[WhiteElo "2223"]
[BlackElo "2107"]
[PlyCount "43"]
[EventDate "2018.10.19"]
[EventType "team-tourn"]
[EventRounds "11"]
[EventCountry "AUT"]
[SourceTitle "CBM 189 Extra"]
[Source "ChessBase"]
[SourceDate "2019.06.03"]
[SourceVersion "1"]
[SourceVersionDate "2019.06.03"]
[SourceQuality "1"]
[WhiteTeam "Graz Schachfreunde"]
[BlackTeam "Freistadt/Wartberg"]
[WhiteTeamCountry "AUT"]
[BlackTeamCountry "AUT"]

1. d4 Nf6 2. Bg5 Ne4 3. Bf4 c5 4. f3 Nf6 5. dxc5 b6 6. e4 g6 7. Nc3 Bg7 8. Qd2 0-0 9. Bh6 bxc5 10. h4 Nc6 11. h5 Qc7 12. 0-0-0 Nxh5 13. Bxg7 Kxg7 14. Nd5 Qe5 15. g4 Rb8 16. c3 e6 17. gxh5 exd5 18. hxg6 h5 19. exd5 fxg6 20. Re1 Qf6 21. dxc6 dxc6 22. Qe3 1-0

[Event "AUT-chT2M 1819"]
[Site "Austria"]
[Date "2018.11.24"]
[Round "4.6"]
[White "Posch, Siegfried"]
[Black "Kastner, Walter"]
[Result "1-0"]
[WhiteElo "1904"]
[BlackElo "2231"]
[PlyCount "115"]
[EventDate "2018.10.19"]
[EventType "team-tourn"]
[EventRounds "11"]
[EventCountry "AUT"]
[SourceTitle "CBM 187 Extra"]
[Source "ChessBase"]
[SourceDate "2018.11.04"]
[SourceVersion "1"]
[SourceVersionDate "2018.11.04"]
[SourceQuality "1"]
[WhiteTeam "Fuerstenfeld/Hartberg"]
[BlackTeam "Graz Schachfreunde"]
[WhiteTeamCountry "AUT"]
[BlackTeamCountry "AUT"]

1. c4 Nf6 2. Nf3 e6 3. g3 d5 4. cxd5 exd5 5. Bg2 Be7 6. d4 0-0 7. 0-0 c6 8. Nc3 Nbd7 9. Qc2 Re8 10. Bg5 Ne4 11. Bf4 Ng5 12. Nxd5 Ne6 13. Nxe7+ Qxe7 14. Bd2 Qd6 15. Bc3 b6 16. Rfd1 Bb7 17. e4 Rad8 18. e5 Qb8 19. Nd2 c5 20. d5 Nd4 21. Bxd4 cxd4 22. f4 Qa8 23. Nb3 Bxd5 24. Bxd5 Qxd5 25. Rxd4 Qf3 26. Rad1 Rc8 27. Qd3 Qxd3 28. R4xd3 Nc5 29. Nxc5 Rxc5 30. Rd7 Rc2 31. R1d2 Rxd2 32. Rxd2 h5 33. Kf2 Kf8 34. Rc2 Rd8 35. Ke3 Rd7 36. f5 Ke7 37. Ke4 Rd1 38. Rc7+ Ke8 39. Rxa7 Rd2 40. b3 Rxh2 41. Rb7 Rxa2 42. Rxb6 Re2+ 43. Kf4 Rf2+ 44. Kg5 Rg2 45. Kxh5 Rxg3 46. Kh4 Rg1 47. b4 Ke7 48. Rb7+ Ke8 49. b5 Re1 50. f6 gxf6 51. exf6 Rg1 52. Re7+ Kf8 53. b6 Rb1 54. b7 Rb4+ 55. Kg3 Rb3+ 56. Kf4 Rb6 57. Ke5 Rb1 58. Rc7 1-0

[Event "AUT-chT2M 1718"]
[Site "Austria"]
[Date "2018.04.07"]
[Round "11.1"]
[White "Kastner, Walter"]
[Black "Holzmann, Joerg"]
[Result "1/2-1/2"]
[WhiteElo "2175"]
[BlackElo "2172"]
[PlyCount "118"]
[EventDate "2017.10.27"]
[EventType "team-tourn"]
[EventRounds "11"]
[EventCountry "AUT"]
[SourceTitle "EXT 2019"]
[Source "ChessBase"]
[SourceDate "2018.10.10"]
[SourceVersion "1"]
[SourceVersionDate "2018.10.10"]
[SourceQuality "1"]
[WhiteTeam "Graz Schachfreunde"]
[BlackTeam "Villach Admira"]
[WhiteTeamCountry "AUT"]
[BlackTeamCountry "AUT"]

1. d4 f5 2. Bf4 Nf6 3. e3 g6 4. h4 Bg7 5. h5 d6 6. h6 Bf8 7. Nf3 e6 8. Nc3 Be7 9. Bc4 d5 10. Be2 0-0 11. Nb5 Na6 12. Ne5 c6 13. Nc3 Nc7 14. a3 Nce8 15. Qd2 Nd6 16. 0-0-0 Bd7 17. f3 b5 18. Qe1 Be8 19. Bg5 a5 20. Qh4 Nf7 21. Nxf7 Rxf7 22. e4 b4 23. axb4 axb4 24. Nb1 fxe4 25. Rhf1 exf3 26. Bxf3 Nd7 27. Bxe7 Qxe7 28. Qxe7 Rxe7 29. Bg4 Nf8 30. Rd3 Rf7 31. Rxf7 Kxf7 32. Rf3+ Ke7 33. Rb3 Rb8 34. Nc3 Bd7 35. Na2 e5 36. Bxd7 Nxd7 37. Nxb4 Kd6 38. Na6 Rxb3 39. dxe5+ Nxe5 40. cxb3 Ng4 41. b4 Nxh6 42. Nc5 Nf7 43. Kd2 h5 44. Ke3 g5 45. Kd4 Nh6 46. Nb7+ Kc7 47. Nc5 Nf7 48. b5 h4 49. bxc6 Kxc6 50. Nd3 Kd6 51. Nb4 g4 52. Nxd5 h3 53. gxh3 gxh3 54. Ne3 h2 55. Nf5+ Kc6 56. Ng3 Nd6 57. Nh1 Kb5 58. Ke5 Nc4+ 59. Kf4 Nxb2 1/2-1/2

[Event "AUT-chT2M 1718"]
[Site "Austria"]
[Date "2018.02.10"]
[Round "8.6"]
[White "Waldmann, Gerald"]
[Black "Kastner, Walter"]
[Result "1/2-1/2"]
[WhiteElo "2136"]
[BlackElo "2175"]
[PlyCount "77"]
[EventDate "2017.10.27"]
[EventType "team-tourn"]
[EventRounds "11"]
[EventCountry "AUT"]
[SourceTitle "EXT 2019"]
[Source "ChessBase"]
[SourceDate "2018.10.10"]
[SourceVersion "1"]
[SourceVersionDate "2018.10.10"]
[SourceQuality "1"]
[WhiteTeam "Die Klagenfurter"]
[BlackTeam "Graz Schachfreunde"]
[WhiteTeamCountry "AUT"]
[BlackTeamCountry "AUT"]

1. e4 e5 2. Nf3 Nf6 3. Nxe5 d6 4. Nf3 Nxe4 5. Nc3 Nxc3 6. dxc3 Be7 7. Be3 0-0 8. Qd2 Qe8 9. 0-0-0 Qa4 10. Kb1 Be6 11. c4 Nd7 12. Bd4 Bf6 13. Bxf6 Nxf6 14. Nd4 Qd7 15. Bd3 a6 16. Qg5 Rae8 17. h3 Qd8 18. Qh4 Bd7 19. g4 g6 20. f4 Re3 21. f5 Ne4 22. Qh6 Qg5 23. Qxg5 Nxg5 24. h4 Ne4 25. Rde1 Rxe1+ 26. Rxe1 Nf2 27. Rg1 Re8 28. Kc1 c5 29. Nb3 Bc6 30. Kd2 b6 31. Nc1 Re5 32. fxg6 fxg6 33. Rg3 Ne4+ 34. Bxe4 Rxe4 35. Rd3 Re6 36. Ra3 Bb7 37. Rb3 d5 38. cxd5 Bxd5 39. Rd3 1/2-1/2

[Event "AUT-chT2M 1718"]
[Site "Austria"]
[Date "2017.11.24"]
[Round "4.5"]
[White "Wanderer, Thomas"]
[Black "Kastner, Walter"]
[Result "1/2-1/2"]
[WhiteElo "2225"]
[BlackElo "2175"]
[PlyCount "83"]
[EventDate "2017.10.27"]
[EventType "team-tourn"]
[EventRounds "11"]
[EventCountry "AUT"]
[SourceTitle "CBM 181 Extra"]
[Source "ChessBase"]
[SourceDate "2017.12.12"]
[SourceVersion "1"]
[SourceVersionDate "2017.12.12"]
[SourceQuality "1"]
[WhiteTeam "Gleisdorf"]
[BlackTeam "Graz Schachfreunde"]
[WhiteTeamCountry "AUT"]
[BlackTeamCountry "AUT"]

1. e4 e6 2. d3 d5 3. Nd2 Nf6 4. Ngf3 Nc6 5. e5 Nd7 6. d4 f6 7. exf6 Qxf6 8. c3 Bd6 9. Be2 0-0 10. Nf1 h6 11. Be3 Qf7 12. Qd2 Nf6 13. h3 e5 14. dxe5 Nxe5 15. N1h2 Ne4 16. Qc2 Bf5 17. Qb3 c6 18. Nxe5 Bxe5 19. Nf3 Bd6 20. c4 Be6 21. Rc1 dxc4 22. Bxc4 Bxc4 23. Qxc4 Qxc4 24. Rxc4 Rae8 25. 0-0 Bb8 26. Rd1 Nf6 27. Kf1 Nd5 28. Bc5 Rf7 29. Rcd4 a6 30. a4 Rf5 31. Ba3 Ba7 32. R4d2 Rf4 33. b3 Kh7 34. Bb2 Ree4 35. Rd3 Rf7 36. Bd4 Bb8 37. Re1 Rff4 38. Rxe4 Rxe4 39. Nd2 Rf4 40. Bb2 Ba7 41. Rf3 Rxf3 42. Nxf3 1/2-1/2

[Event "Steyr Landesliga 1718"]
[Site "Austria"]
[Date "2017.10.07"]
[Round "2.3"]
[White "Bonstingl, Georg"]
[Black "Kastner, Walter"]
[Result "1/2-1/2"]
[WhiteElo "2227"]
[BlackElo "2172"]
[PlyCount "66"]
[EventDate "2017.09.30"]
[EventType "team-tourn"]
[EventRounds "11"]
[EventCountry "AUT"]
[SourceTitle "CBM 181 Extra"]
[Source "ChessBase"]
[SourceDate "2017.12.12"]
[SourceVersion "1"]
[SourceVersionDate "2017.12.12"]
[SourceQuality "1"]
[WhiteTeam "Gamlitz"]
[BlackTeam "Graz Schachfreunde II"]
[WhiteTeamCountry "AUT"]
[BlackTeamCountry "AUT"]

1. Nf3 d5 2. g3 Nf6 3. Bg2 e6 4. d3 Be7 5. Nbd2 Nc6 6. 0-0 0-0 7. e4 dxe4 8. dxe4 e5 9. h3 Bc5 10. Qe2 Qe7 11. c3 a5 12. Re1 b6 13. Nh4 Qe6 14. Qf3 Ne7 15. Nb3 Bd6 16. Nf5 Rb8 17. Nxd6 Qxd6 18. Bg5 h6 19. Red1 Qc6 20. Bxf6 Qxf6 21. Qe2 Be6 22. Nd2 Rbd8 23. Nf1 Nc8 24. b3 Rxd1 25. Rxd1 Rd8 26. Ne3 Rxd1+ 27. Qxd1 Qe7 28. Kh2 g6 29. Bf1 Qd6 30. Qc2 Qc6 31. Bc4 Bxc4 32. Nxc4 Nd6 33. Nxd6 Qxd6 1/2-1/2

[Event "Steyr Landesliga 1617"]
[Site "Austria"]
[Date "2017.01.21"]
[Round "6.2"]
[White "Kastner, Walter"]
[Black "Schreiner, Till"]
[Result "1/2-1/2"]
[WhiteElo "2193"]
[BlackElo "2299"]
[PlyCount "52"]
[EventDate "2016.10.01"]
[EventType "team-tourn"]
[EventRounds "11"]
[EventCountry "AUT"]
[SourceTitle "EXT 2018"]
[Source "ChessBase"]
[SourceDate "2017.10.13"]
[SourceVersion "1"]
[SourceVersionDate "2017.10.13"]
[SourceQuality "1"]
[WhiteTeam "Schachfreunde"]
[BlackTeam "Styria"]
[WhiteTeamCountry "AUT"]
[BlackTeamCountry "AUT"]

1. e4 c6 2. d4 d5 3. Nd2 dxe4 4. Nxe4 Bf5 5. Ng3 Bg6 6. N1e2 e6 7. Nf4 Qh4 8. Nge2 Bd6 9. g3 Qe7 10. Bg2 Nf6 11. Nxg6 hxg6 12. Bg5 Nbd7 13. c3 0-0-0 14. 0-0 Rh5 15. h4 e5 16. Re1 Rhh8 17. Qa4 Kb8 18. dxe5 Nxe5 19. Rad1 Qc7 20. Be3 a6 21. Qb3 Nfd7 22. Bf4 Nc5 23. Qc2 Ncd3 24. Rf1 Nxf4 25. Nxf4 Ng4 26. Qe2 Bxf4 1/2-1/2

[Event "AUT-chT2M 1415"]
[Site "Austria"]
[Date "2014.11.16"]
[Round "5.6"]
[White "Kastner, Walter"]
[Black "Kiss, Attila"]
[Result "1/2-1/2"]
[WhiteElo "2239"]
[BlackElo "2378"]
[PlyCount "157"]
[EventDate "2014.10.03"]
[EventType "team-tourn"]
[EventRounds "11"]
[EventCountry "AUT"]
[SourceTitle "CBM 163 Extra"]
[Source "ChessBase"]
[SourceDate "2014.12.23"]
[SourceVersion "1"]
[SourceVersionDate "2014.12.23"]
[SourceQuality "1"]
[WhiteTeam "Graz Schachfreunde"]
[BlackTeam "Fuerstenfeld/Hartberg"]
[WhiteTeamCountry "AUT"]
[BlackTeamCountry "AUT"]

1. g3 e5 2. c4 Nf6 3. Bg2 Nc6 4. Nf3 d5 5. cxd5 Nxd5 6. 0-0 Be7 7. d4 e4 8. Ne5 Nf6 9. Nxc6 bxc6 10. Qc2 0-0 11. Nc3 Qxd4 12. Be3 Qe5 13. Bf4 Qh5 14. Nxe4 Nd5 15. Qxc6 Rb8 16. Bf3 Qf5 17. b3 Nxf4 18. gxf4 Bb7 19. Qc4 Qxf4 20. Rac1 Ba3 21. Rc2 Rfe8 22. Ng3 Qxc4 23. Rxc4 Bxf3 24. exf3 Bd6 25. Ne4 Be5 26. Nc5 Rbd8 27. Rfc1 Re7 28. f4 Bd4 29. Kg2 Bb2 30. R1c2 Bf6 31. Ne4 Ba1 32. Ng3 Rc8 33. Rc6 Kf8 34. R2c4 Rd7 35. Ne4 Rd4 36. Nd6 Rxc4 37. Rxc4 Rd8 38. Nb5 a6 39. Nxc7 Rd2 40. Nxa6 Rxa2 41. Nb4 Rd2 42. Nc2 Bf6 43. Ne3 g6 44. f5 Ke8 45. Rc2 Rd3 46. b4 Bd4 47. fxg6 hxg6 48. Nc4 Rb3 49. b5 Bc5 50. Rb2 Rxb2 51. Nxb2 Kd7 52. Nc4 Ke6 53. f4 f6 54. Kf3 Bg1 55. h3 Kd5 56. f5 g5 57. Ne3+ Kc5 58. Ng4 Kd5 59. Nxf6+ Ke5 60. Ne4 Kxf5 61. Ng3+ Ke5 62. Kg4 Kd5 63. Kxg5 Be3+ 64. Kf5 Kc5 65. h4 Kxb5 66. h5 Kc6 67. Ke6 Kc7 68. Ne4 Kd8 69. Nd6 Bf4 70. Nf7+ Ke8 71. Kf6 Kf8 72. Kg6 Kg8 73. Nd8 Bd2 74. Ne6 Be3 75. Ng7 Bd2 76. Nf5 Bc1 77. Ne7+ Kh8 78. h6 Bxh6 79. Kxh6 1/2-1/2

[Event "AUT-chT2M 1415"]
[Site "Austria"]
[Date "2014.11.15"]
[Round "4.4"]
[White "Kastner, Walter"]
[Black "Teuschler, Barbara"]
[Result "1-0"]
[WhiteElo "2239"]
[BlackElo "2193"]
[PlyCount "65"]
[EventDate "2014.10.03"]
[EventType "team-tourn"]
[EventRounds "11"]
[EventCountry "AUT"]
[SourceTitle "EXT 2015"]
[Source "ChessBase"]
[SourceDate "2014.11.20"]
[SourceVersion "1"]
[SourceVersionDate "2014.11.20"]
[SourceQuality "1"]
[WhiteTeam "Graz Schachfreunde"]
[BlackTeam "Graz Strassenbahn"]
[WhiteTeamCountry "AUT"]
[BlackTeamCountry "AUT"]

1. Nf3 d5 2. e3 Nf6 3. c4 c6 4. Nc3 e6 5. Qc2 Nbd7 6. b3 Bd6 7. Be2 0-0 8. d4 dxc4 9. bxc4 e5 10. 0-0 Re8 11. h3 Bb8 12. Bd3 Qc7 13. Bd2 h6 14. Rae1 a6 15. dxe5 Nxe5 16. Nxe5 Rxe5 17. f4 Re8 18. e4 Ba7+ 19. Kh1 Nh5 20. Rf3 Qe7 21. Ref1 Bg4 22. e5 Bxf3 23. Rxf3 b5 24. Ne4 Rad8 25. c5 Rd5 26. Be3 Red8 27. Nd6 f6 28. Bh7+ Kh8 29. Bg6 fxe5 30. fxe5 Rxe5 31. Nf7+ Kg8 32. Bh7+ Kf8 33. Nxe5+ 1-0

[Event "Steyr Landesliga 1415"]
[Site "Austria"]
[Date "2014.11.08"]
[Round "4.3"]
[White "Kastner, Walter"]
[Black "Dietmayer Kraeutler, Marco"]
[Result "1/2-1/2"]
[WhiteElo "2228"]
[BlackElo "2253"]
[PlyCount "111"]
[EventDate "2014.09.27"]
[EventType "team-tourn"]
[EventRounds "11"]
[EventCountry "AUT"]
[SourceTitle "EXT 2016"]
[Source "ChessBase"]
[SourceDate "2015.10.08"]
[SourceVersion "1"]
[SourceVersionDate "2015.10.08"]
[SourceQuality "1"]
[WhiteTeam "Graz Schachfreunde"]
[BlackTeam "Leoben"]
[WhiteTeamCountry "AUT"]
[BlackTeamCountry "AUT"]

1. Nf3 Nf6 2. c4 e6 3. g3 d5 4. Bg2 b6 5. 0-0 Bb7 6. cxd5 exd5 7. d4 Bd6 8. Nc3 0-0 9. Bg5 Nbd7 10. Rc1 a6 11. Nh4 h6 12. Bxf6 Nxf6 13. Nf5 c5 14. Nxd6 Qxd6 15. dxc5 bxc5 16. Ne4 Nxe4 17. Bxe4 Rfd8 18. Bg2 a5 19. Qc2 Rac8 20. Rfd1 Qc6 21. Rd2 Rd6 22. Qd1 a4 23. Bf3 Qb5 24. Qf1 d4 25. Bxb7 Qxb7 26. Rc4 Rb6 27. Qc1 Rb8 28. Rxc5 Rxb2 29. Rxb2 Qxb2 30. Rc8+ Kh7 31. Qxb2 Rxb2 32. a3 Rxe2 33. Rc4 d3 34. Rd4 Rb2 35. Rxd3 Rb3 36. Rd6 g5 37. Ra6 Rxa3 38. g4 Kg7 39. Kg2 Ra1 40. h3 a3 41. Kh2 a2 42. Kg2 Kf8 43. Ra7 Ke8 44. Ra8+ Kd7 45. Ra7+ Ke6 46. Ra6+ Ke5 47. Ra5+ Kd4 48. Ra4+ Kc3 49. Ra8 Kd4 50. Ra4+ Ke5 51. Ra5+ Kf6 52. Ra6+ Kg7 53. Ra7 Kg6 54. Ra6+ f6 55. Ra7 h5 56. Ra6 1/2-1/2

[Event "Steyr Landesliga 1415"]
[Site "Austria"]
[Date "2014.10.25"]
[Round "3.3"]
[White "Danner, Georg"]
[Black "Kastner, Walter"]
[Result "1/2-1/2"]
[WhiteElo "2340"]
[BlackElo "2228"]
[PlyCount "83"]
[EventDate "2014.09.27"]
[EventType "team-tourn"]
[EventRounds "11"]
[EventCountry "AUT"]
[SourceTitle "EXT 2016"]
[Source "ChessBase"]
[SourceDate "2015.10.08"]
[SourceVersion "1"]
[SourceVersionDate "2015.10.08"]
[SourceQuality "1"]
[WhiteTeam "Horn Ratten Krieglach"]
[BlackTeam "Graz Schachfreunde"]
[WhiteTeamCountry "AUT"]
[BlackTeamCountry "AUT"]

1. d4 d5 2. Nf3 Nf6 3. c4 dxc4 4. e3 Bg4 5. Bxc4 e6 6. Nc3 Nbd7 7. h3 Bh5 8. 0-0 Bb4 9. a3 Bxc3 10. bxc3 0-0 11. Be2 c5 12. a4 Qc7 13. Bb2 Rac8 14. Nh2 Bxe2 15. Qxe2 cxd4 16. cxd4 Qc2 17. Rfe1 Qxe2 18. Rxe2 Rc4 19. Nf3 Rfc8 20. Ne1 Nb6 21. a5 Na4 22. f3 Nd5 23. Kf2 f5 24. Rd2 Nf6 25. g4 b5 26. axb6 axb6 27. Ra3 Nd5 28. Rb3 Rb4 29. Rxb4 Nxb4 30. gxf5 exf5 31. e4 Rc4 32. Ba3 Nc6 33. d5 Ne5 34. exf5 Nc5 35. Bxc5 Rxc5 36. Ng2 Nc4 37. Rd4 Nd6 38. Nh4 Kf7 39. Rd2 b5 40. Kg3 b4 41. Ng2 Rc3 42. Ra2 1/2-1/2

[Event "AUT-chT2M 1415"]
[Site "Austria"]
[Date "2014.10.05"]
[Round "3.6"]
[White "Rieger, Robert"]
[Black "Kastner, Walter"]
[Result "1/2-1/2"]
[WhiteElo "2173"]
[BlackElo "2239"]
[PlyCount "61"]
[EventDate "2014.10.03"]
[EventType "team-tourn"]
[EventRounds "11"]
[EventCountry "AUT"]
[SourceTitle "EXT 2015"]
[Source "ChessBase"]
[SourceDate "2014.11.20"]
[SourceVersion "1"]
[SourceVersionDate "2014.11.20"]
[SourceQuality "1"]
[WhiteTeam "Maria Saal II"]
[BlackTeam "Graz Schachfreunde"]
[WhiteTeamCountry "AUT"]
[BlackTeamCountry "AUT"]

1. e4 e5 2. Nf3 Nf6 3. Nxe5 d6 4. Nf3 Nxe4 5. Nc3 Nxc3 6. dxc3 Be7 7. Bf4 Nc6 8. Qd2 Be6 9. 0-0-0 Qd7 10. h3 Bf6 11. Bg5 Bxg5 12. Nxg5 0-0-0 13. f4 h6 14. Nf3 a6 15. g3 Kb8 16. Bg2 Rhe8 17. g4 f6 18. b3 Bg8 19. Rhe1 Rxe1 20. Rxe1 Re8 21. Nd4 Nxd4 22. cxd4 Rxe1+ 23. Qxe1 Qe6 24. Qxe6 Bxe6 25. f5 Bd7 26. Kd2 c6 27. Ke3 Kc7 28. Bf1 Be8 29. Bc4 d5 30. Be2 Kd6 31. c3 1/2-1/2

[Event "Steyr Landesliga 1415"]
[Site "Austria"]
[Date "2014.09.27"]
[Round "1.3"]
[White "Manhardt, Thomas"]
[Black "Kastner, Walter"]
[Result "0-1"]
[WhiteElo "2277"]
[BlackElo "2228"]
[PlyCount "58"]
[EventDate "2014.09.27"]
[EventType "team-tourn"]
[EventRounds "11"]
[EventCountry "AUT"]
[SourceTitle "EXT 2016"]
[Source "ChessBase"]
[SourceDate "2015.10.08"]
[SourceVersion "1"]
[SourceVersionDate "2015.10.08"]
[SourceQuality "1"]
[WhiteTeam "Graz Styria"]
[BlackTeam "Graz Schachfreunde"]
[WhiteTeamCountry "AUT"]
[BlackTeamCountry "AUT"]

1. e4 e5 2. Nf3 Nf6 3. Nxe5 d6 4. Nf3 Nxe4 5. Nc3 Nxc3 6. dxc3 Be7 7. Be3 Nc6 8. Qd2 Be6 9. 0-0-0 Qd7 10. Kb1 0-0-0 11. h3 Bf6 12. b3 Kb8 13. g4 h5 14. g5 Be5 15. Bb5 Qc8 16. Bxc6 bxc6 17. c4 Rde8 18. Nd4 Bxd4 19. Qxd4 c5 20. Qxg7 Rhg8 21. Qf6 Bxh3 22. Qxf7 Bg4 23. Rd2 Ref8 24. Qe7 Qf5 25. Rxd6 Rf7 26. Rd8+ Kb7 27. Rd5 Qxd5 28. cxd5 Rxe7 29. Bxc5 Re5 0-1

[Event "Steyr Landesliga 1314"]
[Site "Austria"]
[Date "2014.03.29"]
[Round "10.3"]
[White "Kastner, Walter"]
[Black "Poeltl, Thomas"]
[Result "1/2-1/2"]
[WhiteElo "2218"]
[BlackElo "2186"]
[PlyCount "32"]
[EventDate "2013.09.28"]
[EventType "team-tourn"]
[EventRounds "11"]
[EventCountry "AUT"]
[SourceTitle "EXT 2015"]
[Source "ChessBase"]
[SourceDate "2014.11.20"]
[SourceVersion "1"]
[SourceVersionDate "2014.11.20"]
[SourceQuality "1"]
[WhiteTeam "Graz Schachfreunde"]
[BlackTeam "Gleisdorf"]
[WhiteTeamCountry "AUT"]
[BlackTeamCountry "AUT"]

1. Nf3 c5 2. c4 Nf6 3. Nc3 d5 4. cxd5 Nxd5 5. g3 Nc6 6. Bg2 Nc7 7. 0-0 e5 8. d3 Be7 9. Nd2 0-0 10. Nc4 f6 11. Bxc6 bxc6 12. Be3 Bh3 13. Re1 Nd5 14. Bd2 Qe8 15. Qa4 h5 16. Nxd5 cxd5 1/2-1/2